000 00540nam a22001697a 4500
999 _c8542
_d8542
008 201202b ||||| |||| 00| 0 eng d
040 _aBMS College of Architecture
100 _aByrareddy, Mukesh
245 _aPilgrimage center scope and future of religion
300 _a32p.
500 _a1BM13AT041
502 _8B,Arch
_NBMS College of Architecture, Visvesvaraya Technological University (VTU)
_aProject report
_d2017
650 _aReligion
700 _aPraveen Upadhye
_eGuide
700 _aSayee Deodhar
_eGuide
942 _2ddc
_cTHE